Statistics for Guess the 1970s song lyrics #319

Click here to take the quiz!

General Stats

  • This quiz has been taken 13 times
  • The average score is 232 of 452

Answer Stats

Answer% Correct
a
100%
I
100%
me
85%
My
85%
my
85%
And
77%
and
77%
do
77%
love
77%
on
77%
one
77%
One
77%
The
77%
the
77%
to
77%
you
77%
Be
69%
be
69%
can
69%
I'm
69%
in
69%
see
69%
Who
69%
as
62%
for
62%
is
62%
Like
62%
not
62%
when
62%
been
54%
Don't
54%
I've
54%
know
54%
now
54%
of
54%
said
54%
that
54%
They
54%
up
54%
all
46%
goes
46%
it
46%
it's
46%
Jesus
46%
just
46%
line
46%
over
46%
should
46%
sweet
46%
toke
46%
was
46%
will
46%
would
46%
about
38%
If
38%
take
38%
thing
38%
time
38%
away
31%
changin
31%
dead
31%
downtown
31%
gonna
31%
hope
31%
make
31%
mama
31%
off
31%
plainly
31%
railway
31%
Sittin
31%
station
31%
strike
31%
eyes
23%
girls
23%
give
23%
home
23%
Hopin
23%
hopin
23%
learned
23%
loved
23%
myself
23%
some
23%
surely
23%
bird
15%
choose
15%
country
15%
felt
15%
few
15%
joy
15%
keep
15%
last
15%
Mary
15%
met
15%
mile
15%
opened
15%
pain
15%
part
15%
smile
15%
surprise
15%
through
15%
train
15%
Waitin
15%
waitin
15%
wanna
15%
wish
15%
born
8%
die
8%
else
8%
everything
8%
growin
8%
lie
8%
mistakes
8%
returning
8%
sailed
8%
set
8%
showing
8%
smilin
8%
sun's
8%
wing
8%

Score Distribution

Percentile by Number Answered

Percent of People with Each Score

Your Score History

You have not taken this quiz